Statistics for Worst Countries To Live In

Click here to take the quiz!

General Stats

  • This quiz has been taken 35 times
    (34 since last reset)
  • The average score is 8 of 11

Answer Stats

HDI (Human Development Index)Answer% Correct
0.452 HDISierra Le{one}
97%
0.452 HDIBurkina {Faso}
94%
0.433 HDIBuru{ndi}
91%
0.433 HDISouth {Sudan}
91%
0.398 HDIChad
69%
0.394 HDINiger
69%
0.397 HDICentral African Republic
63%
0.434 HDIMali
63%
0.459 HDIEritrea
56%
0.470 HDIYemen
50%
0.456 HDIMozambique
44%

Score Distribution

Percentile by Number Answered

Percent of People with Each Score

Your Score History

You have not taken this quiz since the last reset